Statistics for Famous Cigar Smokers - Picture Quiz

Click here to take the quiz!

General Stats

  • This quiz has been taken 384 times
  • The average score is 11 of 15

Answer Stats

Answer% Correct
John F. Kennedy
99%
Winston Churchill
93%
Fidel Castro
91%
Arnold Schwarzenegger
88%
Alfred Hitchcock
84%
Mark Twain
83%
Clint Eastwood
79%
Che Guevara
78%
Babe Ruth
75%
Groucho Marx
72%
Sigmund Freud
70%
Bill Cosby
60%
Orson Welles
56%
Peter Falk
44%
Douglas Fairbanks Jr.
18%

Score Distribution

Percentile by Number Answered

Percent of People with Each Score

Your Score History

You have not taken this quiz